| 000 | 00566pab a2200169 454500 | ||
|---|---|---|---|
| 008 | 180718b2006 xxu||||| |||| 00| 0 eng d | ||
| 100 | _aChaudhury, Nazmul et al. | ||
| 245 | _aMissing in action: teacher and health worker absence in developing countries | ||
| 260 | _c2006 | ||
| 300 | _ap.91-116. | ||
| 362 | _aWinter | ||
| 650 | _aTeachers - Developing countriesParamedical personnel - Developing countries | ||
| 650 | _aHealth service - Developing countries | ||
| 650 | _aParamedical personnel | ||
| 773 | _aJournal of Economic Perspectives | ||
| 909 | _a69646 | ||
| 999 |
_c69646 _d69646 |
||